| 000 | 01814cam a2200385 4500 | ||
|---|---|---|---|
| 008 | 020806n2002 000 0 eng u | ||
| 035 | _a(Sirsi) u119218 | ||
| 100 | _aDymond, A | ||
| 245 | _aSecurity of tenure: the way forward | ||
| 260 | _c2002 | ||
| 490 |
_aSolicitors' Journal _v146 (26) 5 July 2002, 616-617 (2) |
||
| 520 | _aAnalyses the Law Commission's consultation paper "Renting homes 1: status and security" [available at www.lawcom.gov.uk/library/lib-comp.htm#libcp162]. The paper proposes a radical revision of security of tenure in residential accommodation and may be seen as a first step towards a code of housing law using a consumer approach with the tenancy agreement as the key document between tenants and landlords. Proposals include: tenants' status no longer depending on their landlords' identitity; replacing current forms of tenancy with two landlord-neutral types of agreement - types I and II; recovery of possession where the tenant has abandoned the property; measures to combat anti-social behaviour. | ||
| 590 | _aABS | ||
| 650 | _aHOUSING LAW | ||
| 650 | _aLAW COMMISSION | ||
| 650 | _aTENANCY AGREEMENTS | ||
| 650 | _aRESIDENTIAL ACCOMMODATION | ||
| 650 | _aREGISTERED SOCIAL LANDLORDS | ||
| 650 | _aPOPLAR HOUSING & REGENERATION COMMUNITY ASSOCIATION LTD V DONOGHUE | ||
| 650 | _aHOUSING ACT 1985 | ||
| 650 | _aHOUSING ACT 1988 | ||
| 650 | _aHOUSING ACT 1996 | ||
| 650 | _aSECURITY OF TENURE | ||
| 650 | _aRENT ACT 1977 | ||
| 650 | _aTENANTS | ||
| 650 | _aLANDLORDS | ||
| 650 | _aWANDSWORTH LBC V ATTWELL | ||
| 650 | _aABANDONMENT | ||
| 650 | _aTYPE I AGREEMENTS | ||
| 650 | _aTYPE II AGREEMENTS | ||
| 650 | _aANTI-SOCIAL BEHAVIOUR | ||
| 650 | _aUNFAIR TERMS IN CONSUMER CONTRACTS REGULATIONS 1994 | ||
| 690 | _aHOUSING | ||
| 942 | _n0 | ||
| 999 |
_c70904 _d70904 |
||